[Rezension von: Wetzell, Richard F., 1961-, Inventing the criminal]
| Autor principal: | |
|---|---|
| Otros Autores: | |
| Tipo de documento: | Print Revisar |
| Lenguaje: | Alemán |
| Publicado: |
2001
|
| En: |
Kriminologisches Journal
Año: 2001, Volumen: 33, Número: 1, Páginas: 77-79 |
| Acceso en línea: |
Volltext (kostenfrei) Volltext (kostenfrei) Volltext (kostenfrei) |
| Rights Information: | InC 1.0 |
| Verificar disponibilidad: | HBZ Gateway |
| Palabras clave: |
MARC
| LEADER | 00000caa a2200000 c 4500 | ||
|---|---|---|---|
| 001 | 1945914718 | ||
| 003 | DE-627 | ||
| 005 | 20260518083810.0 | ||
| 007 | tu | ||
| 008 | 251211s2001 xx ||||| o 00| ||ger c | ||
| 035 | |a (DE-627)1945914718 | ||
| 035 | |a (DE-599)KXP1945914718 | ||
| 040 | |a DE-627 |b ger |c DE-627 |e rda | ||
| 041 | |a ger | ||
| 084 | |a 2,1 |2 ssgn | ||
| 100 | 1 | |a Krasmann, Susanne |d 1961- |e VerfasserIn |0 (DE-588)115521429 |0 (DE-627)077304519 |0 (DE-576)175695709 |4 aut | |
| 109 | |a Krasmann, Susanne 1961- |a Krasmann, S. 1961- | ||
| 245 | 1 | 0 | |a [Rezension von: Wetzell, Richard F., 1961-, Inventing the criminal] |c Susanne Krasmann, Hamburg |
| 264 | 1 | |c 2001 | |
| 336 | |a Text |b txt |2 rdacontent | ||
| 337 | |a ohne Hilfsmittel zu benutzen |b n |2 rdamedia | ||
| 338 | |a Band |b nc |2 rdacarrier | ||
| 540 | |q DE-2619 |a Urheberrechtsschutz 1.0 |2 rs |u http://rightsstatements.org/vocab/InC/1.0/ | ||
| 655 | 7 | |a Rezension |0 (DE-588)4049712-4 |0 (DE-627)106186019 |0 (DE-576)209083166 |2 gnd-content | |
| 700 | 1 | |a Wetzell, Richard F. |d 1961- |e VerfasserIn des Bezugswerks |0 (DE-588)1054316481 |0 (DE-627)791288803 |0 (DE-576)182555607 |4 ant | |
| 773 | 0 | 8 | |i Enthalten in |t Kriminologisches Journal |d Weinheim : Beltz Juventa, 1969 |g 33(2001), 1, Seite 77-79 |w (DE-627)130092207 |w (DE-600)500591-7 |w (DE-576)018208223 |x 0341-1966 |7 nnas |
| 773 | 1 | 8 | |g volume:33 |g year:2001 |g number:1 |g pages:77-79 |
| 776 | 1 | |o 10.15496/publikation-120516 | |
| 787 | 0 | 8 | |i Rezension von |a Wetzell, Richard F., 1961 - |t Inventing the criminal |d Chapel Hill : The University of North Carolina Press, 2000 |h xiv, 348 Seiten |w (DE-627)301498725 |w (DE-576)085251399 |z 9781469613826 |z 9780807825358 |z 0807825352 |
| 856 | 4 | 1 | |u http://hdl.handle.net/10900/179192 |x Resolving-System |z kostenfrei |3 Volltext |7 0 |
| 856 | 4 | 1 | |u https://doi.org/10.15496/publikation-120516 |x Resolving-System |z kostenfrei |3 Volltext |7 0 |
| 856 | 4 | 1 | |u http://nbn-resolving.org/urn:nbn:de:bsz:21-dspace-1791920 |x Resolving-System |z kostenfrei |3 Volltext |7 0 |
| 951 | |a AR | ||
| ELC | |b 1 | ||
| LOK | |0 000 xxxxxcx a22 zn 4500 | ||
| LOK | |0 001 4826598602 | ||
| LOK | |0 003 DE-627 | ||
| LOK | |0 004 1945914718 | ||
| LOK | |0 005 20251211144229 | ||
| LOK | |0 008 251211||||||||||||||||ger||||||| | ||
| LOK | |0 040 |a DE-2619 |c DE-627 |d DE-2619 | ||
| LOK | |0 092 |o n | ||
| LOK | |0 852 |a DE-2619 | ||
| LOK | |0 852 1 |9 00 | ||
| LOK | |0 939 |a 2025-12-11 |b l01 | ||
| OAS | |a 1 | ||
| ORI | |a WA-MARC-krimdoka001.raw | ||
